000 00497nam a2200181Ia 4500
001 8726
005 20260306160631.0
008 260306t2017||||xx |||||||||||||| ||spa||
041 _aESP
082 _a371.3
_bP619
100 _aPaxtián Ortiz, Edgar Ernesto
_eAUT
245 0 _aEducación y desarrollo sustentable:
_bvive la ruta del conocimiento y adquiere compentencias
260 _c2017
300 _a118 páginas :
_c23 cm.
650 _aGEN
654 _aCED
942 _cLIB
_dJUS
_fJUS
_2ddc
_n
999 _c8726
_d8726